P Acronyms of Computing - Statistics

General Stats
  • This quiz has been taken 28 times
  • The average score is 4 of 25
Answer Stats
Acronym Term % Correct
FTP File transfer protocol
84%
HTTP Hypertext transfer protocol
72%
IP Internet protocol
72%
VOIP Voice over internet protocol
52%
SFTP Secure file transfer protocol
40%
POP Post office protocol
20%
TCP Transfer control protocol
20%
DHCP Dynamic host configuration protocol
16%
SVOIP Secure voice over IP
16%
PGP Pretty good privacy
12%
ARP Address resolution protocol
8%
ICMP Internet control message protocol
8%
TFTP Trivial file transfer protocol
8%
UDP User datagram protocol
8%
PHP PHP hypertext preprocessor
4%
SVOSIP Secure voice over Secure IP
4%
VOSIP Voice over secure IP
4%
IMAP Internet message access protocol
0%
NDP Neighbor discovery protocol
0%
RTP Real time transfer protocol
0%
RTCP RTP control protocol
0%
SRTP Secure real time transfer protocol
0%
SIP Session initiation protocol
0%
SMTP Simple message transfer protocol
0%
ZRTP Z real time transfer protocol
0%
No matching quizzes found
Score Distribution
Percent of People with Each Score
Percentile by Number Answered
Your Score History
You have not taken this quiz